| 000 | 00532nam a22001937a 4500 | ||
|---|---|---|---|
| 003 | OSt | ||
| 005 | 20140310182847.0 | ||
| 008 | 130613t xxu||||| |||| 00| 0 eng d | ||
| 020 | _a9789810804947 | ||
| 050 |
_aQ 182 _b.Sc146 2008 |
||
| 082 |
_aM 507 _bS416 2008 |
||
| 245 |
_aScience: topic by topic : _blower secondary Part-A / |
||
| 260 |
_aSingapore : _bFairfield Book Publishers, _c2008. |
||
| 300 |
_a226 p. : _bill. ; _c26 cm. |
||
| 526 | _c1210L-1700L | ||
| 541 | _j1 | ||
| 562 | _e1 | ||
| 942 |
_2lcc _cBK _kM |
||
| 999 |
_c16947 _d16947 |
||